[Event "34.Schlosspark-Open"]
[Site "Wiesbaden-Biebrich"]
[Date "2025.08.30"]
[Round "5.88"]
[White "Schmitz, Bernhard Hubert"]
[Black "Probstfeld, Bernd"]
[Result "0-1"]
[WhiteElo "1598"]
[BlackElo "1671"]
[PlyCount "46"]
[EventDate "2025.08.28"]
[WhiteTeam "Vorw.Orient Mainz"]
[BlackTeam "SG Pieroth/Burg Layen"]

1. d4 Nf6 2. c4 e6 3. Nf3 d5 4. Nc3 Be7 5. Bf4 c6 6. e3 O-O 7. Rc1 Nbd7 8. cxd5 exd5 9. h3 Re8 10. Bd3 c5 11. dxc5 Bxc5 12. O-O a6 13. Be2 Nb6 14. Qb3 Be6 15. Nd4 Bxd4 16. exd4 Rc8 17. Bf3 Ne4 18. Ne2 g5 19. Bh2 Nd2 20. Rxc8 Bxc8 21. Qd3 Nxf1 22. Kxf1 Bd7 23. Qc2 Qc8 0-1

[Event "34.Schlosspark-Open"]
[Site "Wiesbaden-Biebrich"]
[Date "2025.08.30"]
[Round "5.89"]
[White "Krannich, Eva"]
[Black "Wolf, Helena"]
[Result "1/2-1/2"]
[WhiteElo "1651"]
[BlackElo "1622"]
[PlyCount "69"]
[EventDate "2025.08.28"]
[WhiteTeam "Sfr.Heidesheim"]
[BlackTeam "SK Bad Homburg 1927"]

1. c4 e5 2. d3 Nc6 3. g3 Bc5 4. Bg2 d6 5. Nf3 a6 6. O-O Nf6 7. Nc3 O-O 8. Rb1 h6 9. a3 a5 10. Na4 Ba7 11. b4 axb4 12. axb4 Bd7 13. Nc3 Qc8 14. Re1 Bh3 15. Bh1 Ng4 16. e3 Nf6 17. Qb3 Bf5 18. Na4 e4 19. dxe4 Bxe4 20. Ra1 Qg4 21. Nd2 Bxh1 22. Kxh1 Qh3 23. Kg1 Ng4 24. Nf1 Nce5 25. Qd1 Nxc4 26. Nb2 Nce5 27. Nd3 Rfe8 28. Nf4 Nxf2 29. Nxh3 Nxd1 30. Rxd1 Nc6 31. Bd2 Bb6 32. Nf4 Ne7 33. Kg2 c6 34. Bc3 d5 35. g4 1/2-1/2

[Event "34.Schlosspark-Open"]
[Site "Wiesbaden-Biebrich"]
[Date "2025.08.30"]
[Round "5.90"]
[White "Goodwin, David"]
[Black "Hammel, Jens"]
[Result "0-1"]
[WhiteElo "1601"]
[BlackElo "1641"]
[PlyCount "108"]
[EventDate "2025.08.28"]
[WhiteTeam "SV 1920 Kelsterbach"]
[BlackTeam "SK 1858 Gießen"]

1. Nf3 d5 2. g3 Bf5 3. d3 Nf6 4. Bg2 e6 5. Nbd2 h6 6. O-O Be7 7. Re1 O-O 8. c4 c6 9. cxd5 cxd5 10. Nb3 Nc6 11. Be3 a5 12. Bc5 Rc8 13. Bxe7 Qxe7 14. a3 e5 15. Nbd2 e4 16. Nh4 Bh7 17. dxe4 dxe4 18. Bh3 Rcd8 19. e3 Rd5 20. Qe2 Rh5 21. Bg2 g5 22. Bxe4 Bxe4 23. Nxe4 Qxe4 24. f3 Qe6 25. Ng2 Qh3 26. Qf2 Qxh2+ 27. Kf1 Re8 28. Rad1 Rh3 29. Ke2 Rxg3 30. Rg1 g4 31. fxg4 Nxg4 32. Qxg3 Qxg3 33. Rdf1 Nxe3 34. Nxe3 Rxe3+ 35. Kd2 Rd3+ 36. Kc2 Nd4+ 37. Kb1 Qxg1 38. Rxg1+ Kh7 39. Re1 b5 40. Re7 Rd1+ 41. Ka2 Rf1 42. Rd7 Nc2 43. Kb3 Na1+ 44. Ka2 a4 45. b3 Nxb3 46. Kb2 Rf2+ 47. Kc3 Nc5 48. Rd5 Rf3+ 49. Kb2 Rb3+ 50. Kc2 Ne6 51. Rd7 Kg6 52. Rd2 Rxa3 53. Rg2+ Kh7 54. Rf2 Ra2+ 0-1

[Event "34.Schlosspark-Open"]
[Site "Wiesbaden-Biebrich"]
[Date "2025.08.30"]
[Round "5.91"]
[White "Lüders, Eric"]
[Black "Luber, Maximilian"]
[Result "1/2-1/2"]
[WhiteElo "1593"]
[BlackElo "1518"]
[PlyCount "67"]
[EventDate "2025.08.28"]
[WhiteTeam "Schachfreunde Hünstetten"]
[BlackTeam "SK Schwandorf"]

1. d4 d5 2. Nf3 Nf6 3. e3 e6 4. Bd3 Bd6 5. Nbd2 O-O 6. O-O Nbd7 7. e4 dxe4 8. Nxe4 Nxe4 9. Bxe4 Nf6 10. Bd3 b6 11. Qe2 Bb7 12. Bd2 c5 13. dxc5 Bxc5 14. b4 Be7 15. Rad1 Qc7 16. Rc1 Ng4 17. Be4 Bxe4 18. Qxe4 Nf6 19. Qe2 Rac8 20. c4 Qb7 21. Rc2 Qe4 22. Qxe4 Nxe4 23. Be1 Rfd8 24. Nd2 Nxd2 25. Bxd2 Rd4 26. Rfc1 Rxd2 27. Rxd2 Bg5 28. Rdc2 Bxc1 29. Rxc1 Kf8 30. Kf1 Ke7 31. Ke2 Kd6 32. Ke3 e5 33. g4 a6 34. Ke4 1/2-1/2

[Event "34.Schlosspark-Open"]
[Site "Wiesbaden-Biebrich"]
[Date "2025.08.31"]
[Round "6.1"]
[White "Kollars, Dmitrij"]
[Black "Khenkin, Igor"]
[Result "1/2-1/2"]
[WhiteElo "2644"]
[BlackElo "2499"]
[PlyCount "28"]
[EventDate "2025.08.28"]
[WhiteTeam "SF Deizisau"]
[BlackTeam "Wiesbadener SV 1885"]

1. e4 c5 2. Nf3 e6 3. c3 d5 4. exd5 exd5 5. d4 Nc6 6. Bb5 Bd6 7. dxc5 Bxc5 8. O-O Nge7 9. Nbd2 O-O 10. Nb3 Bb6 11. Bd3 h6 12. Bf4 Bg4 13. h3 Bh5 14. Bc2 Ng6 1/2-1/2

[Event "34.Schlosspark-Open"]
[Site "Wiesbaden-Biebrich"]
[Date "2025.08.31"]
[Round "6.2"]
[White "Regis, Georg"]
[Black "Chassard, Cedric"]
[Result "0-1"]
[WhiteElo "2074"]
[BlackElo "2208"]
[PlyCount "50"]
[EventDate "2025.08.28"]
[WhiteTeam "Vorw.Orient Mainz"]
[BlackTeam "TSV Schott Mainz"]

1. Nf3 d5 2. g3 c5 3. Bg2 g6 4. O-O Bg7 5. d3 Nc6 6. e4 Nf6 7. Qe2 O-O 8. c3 e5 9. Nbd2 Re8 10. a3 a5 11. b3 b6 12. Bb2 Bb7 13. Rfe1 Qc7 14. Qd1 Rad8 15. Qc2 Ba6 16. d4 exd4 17. cxd4 dxe4 18. Nxe4 Nxe4 19. Rxe4 Rxe4 20. Qxe4 Nxd4 21. Nxd4 Bxd4 22. Bxd4 cxd4 23. Rd1 Qd6 24. h4 Qxa3 25. Rxd4 Qa1+ 0-1

[Event "34.Schlosspark-Open"]
[Site "Wiesbaden-Biebrich"]
[Date "2025.08.31"]
[Round "6.3"]
[White "Stork, Christopher"]
[Black "Poetsch, Hagen"]
[Result "0-1"]
[WhiteElo "2114"]
[BlackElo "2479"]
[PlyCount "92"]
[EventDate "2025.08.28"]
[WhiteTeam "SV Oberursel"]
[BlackTeam "SC Heusenstamm"]

1. c4 e6 2. Nc3 d5 3. e3 Nf6 4. Nf3 dxc4 5. Bxc4 a6 6. a4 b6 7. O-O Bb7 8. d4 Bb4 9. Qe2 O-O 10. Rd1 Qe7 11. Bd3 Nbd7 12. e4 e5 13. d5 Nc5 14. Bg5 h6 15. Bxf6 Qxf6 16. Bc2 Bxc3 17. bxc3 a5 18. Nd2 Rfd8 19. Nb3 Nd7 20. Qe3 c6 21. c4 Rac8 22. Bd3 cxd5 23. exd5 Qg5 24. Rac1 g6 25. Rc2 f5 26. Rdc1 Ba6 27. Bf1 Qxe3 28. fxe3 Nc5 29. Nxc5 bxc5 30. Rb1 Rb8 31. Rcb2 Rb4 32. Rxb4 axb4 33. Kf2 Kf7 34. Ke1 e4 35. Kd2 Kf6 36. Be2 g5 37. g3 Ke5 38. Rc1 f4 39. gxf4+ gxf4 40. exf4+ Kd4 41. f5 b3 42. f6 e3+ 43. Ke1 b2 44. Rd1+ Kc3 45. f7 Bxc4 46. d6 Bxf7 0-1

[Event "34.Schlosspark-Open"]
[Site "Wiesbaden-Biebrich"]
[Date "2025.08.31"]
[Round "6.4"]
[White "Stephanblome, Felix"]
[Black "Milov, Leonid"]
[Result "0-1"]
[WhiteElo "2116"]
[BlackElo "2390"]
[PlyCount "38"]
[EventDate "2025.08.28"]
[WhiteTeam "SV 1934 Ffm-Griesheim"]
[BlackTeam "SC Noris-Tarrasch Nürnberg 1873"]

1. d4 f5 2. Bg5 g6 3. Nc3 Bg7 4. e3 d6 5. Qd2 h6 6. Bh4 Nf6 7. Nge2 g5 8. Bg3 Nc6 9. d5 Ne5 10. Nd4 c5 11. Ne6 Bxe6 12. dxe6 O-O 13. h4 g4 14. O-O-O Qc8 15. Bxe5 dxe5 16. Nd5 Qxe6 17. Nc7 Qxa2 18. Qd3 Qa1+ 19. Kd2 Qa5+ 0-1

[Event "34.Schlosspark-Open"]
[Site "Wiesbaden-Biebrich"]
[Date "2025.08.31"]
[Round "6.5"]
[White "Boidman, Yuri"]
[Black "Kersten, Uwe"]
[Result "0-1"]
[WhiteElo "2250"]
[BlackElo "2169"]
[PlyCount "50"]
[EventDate "2025.08.28"]
[WhiteTeam "SC Heimbach-Weis/Neuwied e.V."]
[BlackTeam "Sfr. Wolfhagen e. V."]

1. e4 c5 2. Nf3 Nc6 3. Bb5 Nf6 4. Nc3 g6 5. O-O Bg7 6. e5 Ng4 7. Bxc6 dxc6 8. Qe2 O-O 9. h3 Nh6 10. g4 f5 11. g5 Nf7 12. d3 f4 13. e6 Nd6 14. Re1 Nb5 15. Nxb5 cxb5 16. a4 b4 17. Qe4 Rf5 18. a5 Qd6 19. Qc4 b5 20. axb6 Bb7 21. Re4 axb6 22. Rxa8+ Bxa8 23. Bxf4 Qd8 24. Ne5 Bd5 25. Nf7 Qa8 0-1

[Event "34.Schlosspark-Open"]
[Site "Wiesbaden-Biebrich"]
[Date "2025.08.31"]
[Round "6.6"]
[White "Klein, Levent"]
[Black "Lesny, Florian"]
[Result "1/2-1/2"]
[WhiteElo "2107"]
[BlackElo "2235"]
[PlyCount "81"]
[EventDate "2025.08.28"]
[WhiteTeam "SK Kaiserslautern 1905"]
[BlackTeam "Schachfreunde Hünstetten"]

1. d4 d5 2. Nf3 Nf6 3. c4 e6 4. Nc3 a6 5. cxd5 exd5 6. Bg5 Be6 7. e3 Nbd7 8. Bd3 Bd6 9. Qc2 c6 10. Bh4 Qc7 11. Bg3 h6 12. Bxd6 Qxd6 13. O-O O-O 14. h3 Qe7 15. a3 Ne8 16. Ne2 Nd6 17. Nf4 g5 18. Nxe6 Qxe6 19. Nd2 f5 20. Nb3 Rae8 21. Nc5 Nxc5 22. dxc5 Ne4 23. Bxe4 fxe4 24. Qe2 Qg6 25. b4 h5 26. b5 axb5 27. a4 bxa4 28. Rxa4 Re7 29. Rfa1 g4 30. hxg4 hxg4 31. Ra8 Ref7 32. Rxf8+ Rxf8 33. Ra7 Rf7 34. Qb2 g3 35. Ra8+ Rf8 36. Rxf8+ Kxf8 37. Qxb7 gxf2+ 38. Kxf2 Qf6+ 39. Kg1 Qa1+ 40. Kh2 Qh8+ 41. Kg1 1/2-1/2

[Event "34.Schlosspark-Open"]
[Site "Wiesbaden-Biebrich"]
[Date "2025.08.31"]
[Round "6.7"]
[White "Pradeep, Harshill"]
[Black "Weber, Samuel"]
[Result "0-1"]
[WhiteElo "1981"]
[BlackElo "2239"]
[PlyCount "64"]
[EventDate "2025.08.28"]
[WhiteTeam "SK Bickenbach"]
[BlackTeam "SV Oberursel"]

1. e4 c6 2. d4 d5 3. e5 Bf5 4. h4 h5 5. Bd3 Bxd3 6. Qxd3 e6 7. Bg5 Ne7 8. Nd2 Qa5 9. c3 Nd7 10. Ne2 Nf5 11. O-O Rc8 12. Rfc1 f6 13. exf6 gxf6 14. Bf4 Kf7 15. Re1 Re8 16. Bh2 Qb5 17. c4 dxc4 18. Nxc4 Nxh4 19. Nf4 Qf5 20. Qb3 Rg8 21. Qxb7 Rxg2+ 22. Nxg2 Nf3+ 23. Kf1 Qd3+ 24. Re2 Nxh2+ 25. Ke1 Nf3+ 26. Kf1 Qxc4 27. Ne3 Nh2+ 28. Ke1 Bb4+ 29. Rd2 Bxd2+ 30. Kxd2 Nf3+ 31. Kd1 Qd3+ 32. Kc1 Re7 0-1

[Event "34.Schlosspark-Open"]
[Site "Wiesbaden-Biebrich"]
[Date "2025.08.31"]
[Round "6.8"]
[White "Helmer, Jan"]
[Black "Nagel, Bernhard"]
[Result "0-1"]
[WhiteElo "2231"]
[BlackElo "2148"]
[PlyCount "148"]
[EventDate "2025.08.28"]
[WhiteTeam "HSK Lister Turm"]
[BlackTeam "Kölner Schachklub Dr. Lasker 186"]

1. d4 d5 2. c4 e6 3. Nf3 Nf6 4. g3 Be7 5. Bg2 O-O 6. O-O dxc4 7. Qc2 b6 8. Ne5 Qxd4 9. Bxa8 Qxe5 10. Bf4 Qc5 11. Nd2 Ba6 12. Ne4 Nxe4 13. Bxe4 f5 14. Bg2 Nc6 15. Be3 Nd4 16. Bxd4 Qxd4 17. Qa4 Bc8 18. b3 Qc5 19. bxc4 a5 20. Qc6 Qxc6 21. Bxc6 Kf7 22. Rfd1 Bd6 23. Rac1 Ke7 24. f4 h5 25. Kf2 Rh8 26. h4 Rh6 27. Bf3 Bc5+ 28. Kg2 Bd7 29. e4 g6 30. Rd3 Ba4 31. Kf1 Rh8 32. Re1 Kf7 33. exf5 gxf5 34. Re5 Bd6 35. Re2 Kf6 36. Red2 Ke7 37. Re2 Rh6 38. Rde3 Kf7 39. Bb7 Bd7 40. Rd3 Ke7 41. Rde3 Kf6 42. Bf3 Kf7 43. Rd2 Ke7 44. Red3 Rh8 45. Re2 Kd8 46. Ke1 Kc8 47. Kd1 Rh6 48. Kc1 Rh7 49. Kb2 Rh6 50. Red2 Rh7 51. Rxd6 cxd6 52. Rxd6 Kc7 53. Rd3 Bc6 54. Bxc6 Kxc6 55. Re3 Rh6 56. Kc3 Kc5 57. Re5+ Kd6 58. Kd4 Rg6 59. Rb5 Kc6 60. Rb3 Rg8 61. Ke5 Rg6 62. Rd3 Kc5 63. Rd6 Rxg3 64. Rxe6 Rg4 65. Kxf5 Rxh4 66. Re4 Rh2 67. Ke5 Rxa2 68. f5 Rf2 69. f6 a4 70. Rf4 Rxf4 71. Kxf4 Kd6 72. Kf5 a3 73. Kg6 a2 74. f7 Ke7 0-1

[Event "34.Schlosspark-Open"]
[Site "Wiesbaden-Biebrich"]
[Date "2025.08.31"]
[Round "6.9"]
[White "Geltz, Noah"]
[Black "Derr, Oleg"]
[Result "1-0"]
[WhiteElo "2169"]
[BlackElo "2146"]
[PlyCount "59"]
[EventDate "2025.08.28"]
[WhiteTeam "SF HN-Biberach 1978 e.V."]
[BlackTeam "VSG 1880 Offenbach"]

1. d4 Nf6 2. Bf4 e6 3. Nf3 d5 4. e3 Bd6 5. Nbd2 O-O 6. Bd3 c5 7. c3 Nc6 8. Bg3 Bxg3 9. hxg3 Qd6 10. Ne5 Nxe5 11. Bxh7+ Nxh7 12. Qh5 f6 13. Qxh7+ Kf7 14. dxe5 Qxe5 15. Rh5 Qc7 16. O-O-O Bd7 17. Rh6 Rg8 18. g4 Kf8 19. g5 gxh6 20. g6 Rxg6 21. Qxg6 Ke7 22. Qg7+ Kd6 23. Qxf6 Kc6 24. c4 Qd8 25. cxd5+ Kb5 26. Ne4 exd5 27. Qxd8 Rxd8 28. Rxd5 Kc4 29. Rd6 Re8 30. Nd2+ 1-0

[Event "34.Schlosspark-Open"]
[Site "Wiesbaden-Biebrich"]
[Date "2025.08.31"]
[Round "6.10"]
[White "Minor, Samuel"]
[Black "Töpfer, Albrecht"]
[Result "1-0"]
[WhiteElo "2186"]
[BlackElo "2139"]
[PlyCount "57"]
[EventDate "2025.08.28"]
[WhiteTeam "Wiesbadener SV 1885"]
[BlackTeam "SC Fulda"]

1. e4 d6 2. d4 Nf6 3. Nc3 e5 4. dxe5 dxe5 5. Qxd8+ Kxd8 6. Bc4 Ke8 7. Nf3 Bd6 8. Bg5 Nbd7 9. O-O-O h6 10. Bh4 a6 11. Rhe1 g6 12. Nd5 Nxd5 13. Bxd5 Kf8 14. Nd2 Be7 15. Bg3 Kg7 16. Bb3 Re8 17. Nc4 Bf6 18. Na5 Rb8 19. f3 Nf8 20. c3 Bd7 21. Bd5 c6 22. Bb3 b5 23. Rd6 Bd8 24. Nxc6 Rb6 25. Nxd8 Rxd6 26. Nxf7 Rb6 27. Bxe5+ Kh7 28. Bd4 Rbb8 29. Nd6 1-0

[Event "34.Schlosspark-Open"]
[Site "Wiesbaden-Biebrich"]
[Date "2025.08.31"]
[Round "6.11"]
[White "Engel, Bruno"]
[Black "Sreeramulu, Aarush"]
[Result "1-0"]
[WhiteElo "2192"]
[BlackElo "2115"]
[PlyCount "77"]
[EventDate "2025.08.28"]
[WhiteTeam "Lübecker SV von 1873"]
[BlackTeam "SK Marburg 1931/72"]

1. Nf3 d5 2. d4 Nf6 3. Bf4 c5 4. e3 Nc6 5. Nbd2 cxd4 6. exd4 Bg4 7. c3 Bxf3 8. Nxf3 e6 9. Bd3 Bd6 10. Bg5 Be7 11. O-O O-O 12. Re1 Rb8 13. a4 a6 14. b4 Nh5 15. Bd2 Qc7 16. b5 axb5 17. axb5 Na5 18. Bxh7+ Kxh7 19. Qb1+ g6 20. b6 Qd6 21. Rxa5 Kg7 22. Ne5 Ra8 23. Bh6+ Kg8 24. Rxa8 Rxa8 25. Nxg6 Kh7 26. Bf4 Nxf4 27. Nxf4+ Kg7 28. Nh5+ Kh6 29. Ng3 Bf6 30. Qd1 Qxb6 31. Qf3 Kg6 32. Qg4+ Kh6 33. Qf4+ Kg6 34. Qg4+ Kh6 35. Nf1 Bg5 36. f4 Bf6 37. Re3 Bxd4 38. cxd4 Qxd4 39. Kh1 1-0

[Event "34.Schlosspark-Open"]
[Site "Wiesbaden-Biebrich"]
[Date "2025.08.31"]
[Round "6.12"]
[White "Burkart, Lloyd Shang"]
[Black "Reus, Rudolf"]
[Result "1/2-1/2"]
[WhiteElo "2080"]
[BlackElo "2226"]
[PlyCount "39"]
[EventDate "2025.08.28"]
[WhiteTeam "SV 1920 Hofheim"]
[BlackTeam "Sfr.Mainz 1928"]

1. c4 Nf6 2. g3 e6 3. Bg2 d5 4. Nf3 Be7 5. O-O O-O 6. d4 dxc4 7. Qc2 c5 8. Qxc4 cxd4 9. Nxd4 a6 10. e3 e5 11. Nf3 Nc6 12. Nc3 Be6 13. Qe2 h6 14. h3 Rc8 15. b3 b5 16. Bb2 Qb6 17. Rac1 Rfd8 18. Rfd1 Rxd1+ 19. Rxd1 Rd8 20. Rxd8+ 1/2-1/2

[Event "34.Schlosspark-Open"]
[Site "Wiesbaden-Biebrich"]
[Date "2025.08.31"]
[Round "6.13"]
[White "Gülsen, Taylan"]
[Black "Perske, Paul"]
[Result "1-0"]
[WhiteElo "2063"]
[BlackElo "2183"]
[PlyCount "141"]
[EventDate "2025.08.28"]
[WhiteTeam "Brühler SK 1920 e. V."]
[BlackTeam "Sfr.Heidesheim"]

1. d4 Nf6 2. Bf4 g6 3. Nc3 d5 4. e3 Bg7 5. Nb5 Na6 6. a4 O-O 7. c3 c6 8. Na3 Nc7 9. Be2 Nd7 10. Nf3 f6 11. h4 e5 12. Bg3 e4 13. Nd2 Ne6 14. h5 f5 15. hxg6 hxg6 16. Bd6 Rf6 17. Be5 Nxe5 18. dxe5 Rf8 19. f4 Qb6 20. Ndc4 dxc4 21. Nxc4 Qc5 22. b4 Qe7 23. Nd6 Rd8 24. Qb3 Rxd6 25. exd6 Qxd6 26. Bc4 Kf8 27. Rh7 Nc7 28. Rd1 Qf6 29. Kf2 Ke7 30. b5 c5 31. b6 axb6 32. Rxg7+ Qxg7 33. Qxb6 Ke8 34. Qd6 Be6 35. Bxe6 Qe7 36. Bd7+ Kd8 37. Qxg6 Qh4+ 38. Kg1 Ra6 39. Be6+ Nd5 40. Rxd5+ Kc7 41. Rd7+ Kb8 42. Qe8+ Ka7 43. Rxb7+ Kxb7 44. Qc8+ Kb6 45. Qb8+ Kc6 46. Qb5+ Kc7 47. Qxa6 Qe1+ 48. Qf1 Qxe3+ 49. Kh2 Qxc3 50. Bxf5 Qh8+ 51. Bh3 Qd4 52. f5 Qe5+ 53. Kh1 e3 54. Qe1 c4 55. f6 Kd8 56. f7 Ke7 57. Qb4+ Kxf7 58. Qxc4+ Ke7 59. Qe2 Kd6 60. a5 Kc5 61. a6 Qa1+ 62. Kh2 Qe5+ 63. g3 Kb6 64. Kg2 Qe4+ 65. Kg1 Qe5 66. Kh2 Ka7 67. Bf1 Qh8+ 68. Kg2 Qd4 69. Qf3 Qb2+ 70. Be2 Qb6 71. Qb7+ 1-0

[Event "34.Schlosspark-Open"]
[Site "Wiesbaden-Biebrich"]
[Date "2025.08.31"]
[Round "6.14"]
[White "Heindrich, Mark"]
[Black "Jahnel, Günther"]
[Result "1/2-1/2"]
[WhiteElo "2037"]
[BlackElo "2163"]
[PlyCount "86"]
[EventDate "2025.08.28"]
[WhiteTeam "SAbt TuS Dotzheim"]
[BlackTeam "FVS ASP Hoyerswerda"]

1. Nf3 Nf6 2. d4 g6 3. Bg5 c5 4. e3 Bg7 5. Nbd2 b6 6. c3 O-O 7. Be2 Bb7 8. h3 d6 9. O-O Qc7 10. Bf4 Nbd7 11. Rc1 Rac8 12. Bh2 Bc6 13. b4 a5 14. b5 Bb7 15. Bc4 Qb8 16. Ne1 Qa8 17. a4 cxd4 18. cxd4 Nd5 19. Qb3 Nb4 20. Nef3 h6 21. Rfd1 Nf6 22. Nh4 Ne4 23. Nxe4 Bxe4 24. f3 Bc2 25. Rxc2 Nxc2 26. Nxg6 Rxc4 27. Nxf8 Qc8 28. Nd7 Rc3 29. Nxb6 Rxb3 30. Nxc8 Nxe3 31. Rd2 Nf5 32. d5 Bd4+ 33. Kf1 Bc5 34. Bf4 Kf8 35. Ra2 Ke8 36. b6 Kd7 37. Na7 Rb1+ 38. Ke2 Nd4+ 39. Kd3 Rb3+ 40. Kc4 Rb4+ 41. Kd3 Rb3+ 42. Kc4 Rb4+ 43. Kd3 Rb3+ 1/2-1/2

[Event "34.Schlosspark-Open"]
[Site "Wiesbaden-Biebrich"]
[Date "2025.08.31"]
[Round "6.15"]
[White "Pauls, Wilhelm"]
[Black "Wolf, Ulrich Martin"]
[Result "1/2-1/2"]
[WhiteElo "1941"]
[BlackElo "2143"]
[PlyCount "66"]
[EventDate "2025.08.28"]
[WhiteTeam "Sportgemeinschaft Kaarst 1912/35"]
[BlackTeam "SK Bad Homburg 1927"]

1. e4 c5 2. Nf3 Nc6 3. Bb5 g6 4. O-O Bg7 5. c3 Nf6 6. Re1 O-O 7. d4 cxd4 8. cxd4 d5 9. e5 Ne4 10. Bxc6 bxc6 11. Nbd2 Nxd2 12. Bxd2 Qb6 13. Qa4 Bg4 14. Ba5 Qa6 15. Nd2 Rfb8 16. Qa3 Qb5 17. Nb3 Bf8 18. h3 Bf5 19. g4 Bc2 20. e6 Bxb3 21. axb3 Qxb3 22. Bc3 Qxa3 23. Rxa3 Rb6 24. f4 fxe6 25. Rxe6 Kf7 26. f5 Bg7 27. Kf2 Bf6 28. Kf3 gxf5 29. gxf5 Ke8 30. Ra5 Kd7 31. Kf4 Kc7 32. Ra4 Kd7 33. Ra5 Kc7 1/2-1/2

[Event "34.Schlosspark-Open"]
[Site "Wiesbaden-Biebrich"]
[Date "2025.08.31"]
[Round "6.16"]
[White "Pohle, Dirk"]
[Black "Schupp, Tobias"]
[Result "0-1"]
[WhiteElo "2101"]
[BlackElo "2071"]
[PlyCount "72"]
[EventDate "2025.08.28"]
[WhiteTeam "Langenfelder Schachfreunde 1933"]
[BlackTeam "SK Niederbrechen 1948"]

1. e4 c5 2. Nc3 e6 3. Nf3 a6 4. d4 cxd4 5. Nxd4 Qc7 6. g3 Bb4 7. Nde2 b5 8. Bg2 Bb7 9. O-O Nf6 10. Bf4 Qc4 11. Qd3 Qxd3 12. cxd3 d5 13. e5 Nfd7 14. a3 Ba5 15. d4 Nc6 16. Be3 Bb6 17. b4 Rc8 18. Rfb1 Nxd4 19. Bxd4 Bxd4 20. Nxd4 Rxc3 21. f4 Ke7 22. Bf1 Nb6 23. Be2 Rhc8 24. Kf2 Nc4 25. a4 bxa4 26. Rxa4 Ra3 27. Ra1 Rxa4 28. Rxa4 Kd7 29. Nb3 Kc7 30. Nc5 Kb6 31. Ra2 Rc7 32. Bd3 h6 33. Ke2 Kb5 34. Ra5+ Kxb4 35. Nxa6+ Kxa5 36. Nxc7 Bc6 0-1

[Event "34.Schlosspark-Open"]
[Site "Wiesbaden-Biebrich"]
[Date "2025.08.31"]
[Round "6.17"]
[White "Martin, Reiner"]
[Black "Barbanera, Fabrizio"]
[Result "1/2-1/2"]
[WhiteElo "1954"]
[BlackElo "2098"]
[PlyCount "33"]
[EventDate "2025.08.28"]
[WhiteTeam "SC Bad Soden"]
[BlackTeam "SC Neumühl"]

1. d4 Nf6 2. c4 g6 3. f3 Bg7 4. e4 O-O 5. Nc3 d6 6. Nge2 c5 7. d5 e6 8. Bg5 h6 9. Be3 exd5 10. cxd5 Re8 11. Qd2 h5 12. Nd1 Nbd7 13. Nec3 a6 14. a4 Qa5 15. Nb1 Qc7 16. Nbc3 Qa5 17. Nb1 1/2-1/2

[Event "34.Schlosspark-Open"]
[Site "Wiesbaden-Biebrich"]
[Date "2025.08.31"]
[Round "6.18"]
[White "Li, Maxim"]
[Black "Bischoff, Ulrich"]
[Result "0-1"]
[WhiteElo "2066"]
[BlackElo "1963"]
[PlyCount "126"]
[EventDate "2025.08.28"]
[WhiteTeam "Wiesbadener SV 1885"]
[BlackTeam "Schachfreunde Eltville"]

1. e4 e5 2. Bc4 Nf6 3. d4 exd4 4. Nf3 Bb4+ 5. c3 dxc3 6. bxc3 d5 7. exd5 Bd6 8. O-O O-O 9. h3 h6 10. a4 Nbd7 11. a5 a6 12. Ba2 Re8 13. Nd4 Ne5 14. c4 Ng6 15. Nd2 Nf4 16. N2f3 N6h5 17. Re1 Bd7 18. Rxe8+ Qxe8 19. Bxf4 Nxf4 20. Qc2 Qf8 21. Rc1 Ba3 22. Bb1 g6 23. Re1 Bb4 24. Re4 Nh5 25. Ne5 Bc8 26. Rh4 Qg7 27. Re4 Bc5 28. Nef3 Bd7 29. Nb3 Bf8 30. g4 Nf6 31. Re3 Re8 32. Qd3 Rxe3 33. Qxe3 Bb4 34. Bd3 Qf8 35. Qe5 Qd6 36. Qxd6 cxd6 37. Nfd4 Ba4 38. Kf1 Nd7 39. Ke2 Nc5 40. Bc2 Nxb3 41. Nxb3 Kf8 42. f4 Ke7 43. Kd3 Kf6 44. Ke4 Bxa5 45. Kd3 Bb4 46. Bd1 g5 47. Ke4 Be1 48. f5 Bf2 49. Bc2 Bg1 50. Bd1 b5 51. cxb5 axb5 52. Bc2 b4 53. Bd1 Bh2 54. Bc2 Be5 55. Bd1 Bc3 56. Bc2 Bb5 57. Nc1 Bf1 58. Bb3 Bxh3 59. Kf3 h5 60. gxh5 Bxf5 61. Ne2 g4+ 62. Kf2 Be5 63. Ke3 Kg5 0-1

[Event "34.Schlosspark-Open"]
[Site "Wiesbaden-Biebrich"]
[Date "2025.08.31"]
[Round "6.19"]
[White "Jansen, Malte"]
[Black "Weber, Nikita"]
[Result "0-1"]
[WhiteElo "1891"]
[BlackElo "2082"]
[PlyCount "96"]
[EventDate "2025.08.28"]
[WhiteTeam "SC Mattmeister Karben 1998"]
[BlackTeam "Vorw.Orient Mainz"]

1. e4 e5 2. Nf3 Nc6 3. Bc4 Nf6 4. d3 h6 5. c3 d6 6. Bb3 g6 7. Nbd2 Bg7 8. O-O O-O 9. Re1 Na5 10. Bc2 c5 11. Nf1 Nc6 12. a4 Be6 13. Ne3 Ne8 14. Bb3 Na5 15. Bd5 Nc7 16. c4 Bxd5 17. cxd5 b6 18. Bd2 Nb7 19. Nc4 Qd7 20. Nh4 Bf6 21. Nf3 Kh7 22. h3 Bg7 23. g4 f5 24. gxf5 gxf5 25. Kg2 Qf7 26. Qe2 fxe4 27. dxe4 Qg6+ 28. Kh2 Qf6 29. Kg2 Rf7 30. Nh2 Raf8 31. Be3 Qg6+ 32. Qg4 Qxg4+ 33. hxg4 Ne8 34. Rg1 Nf6 35. f3 Ng8 36. Bd2 Ne7 37. Ne3 Bf6 38. Nf5 Nxf5 39. gxf5 Na5 40. Bxa5 bxa5 41. Ng4 Bg5 42. Kf2 Rb8 43. Ra2 Rfb7 44. Rb1 Rb3 45. Ke2 c4 46. Rd1 Rxb2+ 47. Rxb2 Rxb2+ 48. Kf1 c3 0-1

[Event "34.Schlosspark-Open"]
[Site "Wiesbaden-Biebrich"]
[Date "2025.08.31"]
[Round "6.21"]
[White "Musiienko, Tymur"]
[Black "Müller, Lutz"]
[Result "1-0"]
[WhiteElo "2202"]
[BlackElo "1911"]
[PlyCount "39"]
[EventDate "2025.08.28"]
[WhiteTeam "Wiesbadener SV 1885"]
[BlackTeam "Sfr.Mainz 1928"]

1. e4 g6 2. d4 Bg7 3. Nc3 d6 4. f4 Nc6 5. Be3 Nf6 6. Nf3 Bg4 7. e5 dxe5 8. dxe5 Qxd1+ 9. Rxd1 Nd7 10. Be2 Nb4 11. Rd2 c6 12. a3 Na6 13. O-O Nc7 14. Rfd1 h6 15. h3 Be6 16. Nd4 Bd5 17. Ndb5 Nxb5 18. Nxd5 Nb6 19. Bxb6 cxd5 20. Bxb5+ 1-0

[Event "34.Schlosspark-Open"]
[Site "Wiesbaden-Biebrich"]
[Date "2025.08.31"]
[Round "6.22"]
[White "Baranyai-Molnar, Adam"]
[Black "Gieringer, Clemens"]
[Result "1-0"]
[WhiteElo "2278"]
[BlackElo "1932"]
[PlyCount "99"]
[EventDate "2025.08.28"]
[WhiteTeam "SF Neuberg"]
[BlackTeam "Sfr.Mainz 1928"]

1. e4 c5 2. Nf3 d6 3. d4 cxd4 4. Nxd4 Nf6 5. Nc3 Nc6 6. Bg5 Bd7 7. Qd2 Rc8 8. O-O-O Nxd4 9. Qxd4 Qa5 10. Be3 a6 11. f3 g6 12. Qb6 Qxb6 13. Bxb6 Bg7 14. a4 h5 15. h4 Be6 16. Bd4 O-O 17. Kb1 Rfd8 18. Be2 d5 19. Bxf6 Bxf6 20. Nxd5 Bxd5 21. Rxd5 e6 22. Rd3 Be5 23. g4 Bf4 24. c3 Kf8 25. Kc2 Rxd3 26. Bxd3 Ke7 27. a5 Bd6 28. gxh5 gxh5 29. Rg1 Bf4 30. Rg7 Rh8 31. b4 Rh6 32. Rg8 Rg6 33. Rxg6 fxg6 34. e5 g5 35. hxg5 Bxg5 36. f4 Bxf4 37. Be4 Bxe5 38. Bxb7 Kd7 39. Bxa6 Bg3 40. Bb7 Kc7 41. Bg2 Bf2 42. Kb3 h4 43. c4 Be3 44. c5 Kb8 45. Kc4 e5 46. b5 Bd2 47. a6 Ba5 48. b6 e4 49. a7+ Ka8 50. Bxe4# 1-0